Quizzes
Events
Quiz Creation
Community
Videos
Private Events
Remove Ads
Sign In
Join for FREE
Feedback
Dark Mode
Quiz Categories
Sports
Geography
Music
Movies
Television
Just For Fun
Miscellaneous
History
Literature
Language
Science
Gaming
Entertainment
Religion
Holiday
For Kids
Quiz Lab
Recent
Popular Today
Quiz Kudos Today
Editor Picks
Curator Picks
Quizzes by...
Day
Popularity
Type
Ratings
Length
Year
Community
Subscriptions
Recent Discussions
Orange Saloon
Badges
Playlists
Quests
Create
Leaderboards
Showdown
Live 5
Trivia Bingo
Activity
Puzzle Library
Sporcle Events
Private Events
Virtual Trivia
Globe League
Become a Host
Pub Owners
SporcleCon
Opinionation
Our Games
Videos
Blog
Mobile Apps
Partnerships
Remove Ads and Go Orange
Feedback
Geography
Country
Landmarks
City
State
Population
World
Capital
Continent
Flags
Europe
Africa
Asia
South America
North America
Oceania
Border
Canada
United Kingdom
Topography
United States
Geography
Country
Landmarks
City
State
Population
World
Capital
Continent
Flags
Europe
Africa
Asia
South America
North America
Oceania
Border
Canada
United Kingdom
Topography
United States
Random Quiz
Search Sporcle
×
Quiz Lab
Quiz Lab
Geography
Country
Type in answers that appear in a list
Type in answers that appear in a list
Classic
Best Score? Go Orange.
Countries with the Most Mobile Phones Stats
Can you name the countries with the highest percentages of mobile phones?
By
RosaG
5m
20 Questions
1,359 Plays
1,359 Plays
1,359 Plays
Comments
Comments
Give Quiz Kudos
Give Quiz Kudos
-
- Ratings
hide this ad
Replay
Link that replays current quiz
Next Quiz
Link to next quiz in quiz playlist
You Got
0%
They Got
Avg Score
51%
Avg Friend Score
Upgrade to see
Score Distribution
Jump to the score distribution portion of the page
Score
0/20
Timer
05:00
0
Plays Today
Percentage of the population
Country
% Correct
122.95
United Kingdom
90.1%
130.15
Germany
85.9%
111.05
Spain
82.2%
147.41
Italy
78.7%
134
Russia
76.8%
93.3
Australia
71.2%
137
Portugal
64.9%
97.24
South Korea
55%
101.7
New Zealand
54.6%
96.4
Poland
53.9%
Percentage of the population
Country
% Correct
115.3
Netherlands
53.1%
92.29
Turkey
45.2%
99.8
Argentina
41.9%
119.56
Ukraine
38.3%
95
Chile
33.1%
101.3
Taiwan
31.7%
108.5
Romania
29.5%
147.8
Estonia
27.7%
98
Venezuela
16.1%
92
Algeria
9.6%
Quiz Playlist
Details
Report
Send in Message
Add To Playlist
Classic:
Type in answers that appear in a list
Quiz Source
Last Updated: Feb 16, 2017
Quiz Scoreboard
CHALLENGE
Sign Up to Join the Scoreboard
Show All
Scores
Hide
Comments
May contain spoilers
Recently Published
NBA Finals Game Top Scorers (2010s)
by flibbidy
Sports
5m
Guess the 'R' Things in 3 Words
by MSUKent
Miscellaneous
3m
Actor to Badly Drawn Movie III
by MoMosMoProblems
Movies
5m
More to Explore
Quiz From the Vault
Featured Blog Post
Where Does Lost Luggage Go?
hide this ad
You Might Also Like...
Tags
Country Quiz
Population Quiz
highest
mobile
Percentage
phone
Today's Top Quizzes in Geography
Browse Geography
hide this ad
Today's Top Quizzes in Country
Browse Country
Top Contributed Quizzes in Geography
1
Countries of the World - No Outlines Minefield
2
Find the Landmarks A-Z
3
Lietuvos savivaldybės (Lithuanian Municipalities)
4
Blind Ultimate Minefield: World
5
Find the US States - No Outlines
6
Ultimate Geography Challenge 'A'
7
3, 2, 1 or 0: Land Borders
8
Complete the Map Snippet (Minefield) IX
9
Nickname Match: U.S. States
10
Complete the Map Snippet (Minefield) X
Explore More
Trending Topics
Harry Potter
Anime
Disney
Crossword
Kpop
Marvel
NBA
Country
Pokémon
The Office
NFL
Soccer
Puzzle
WWE
Song
hide this ad
More By:
RosaG
Quiz
Plays
Rating
Category
Featured
Created
Common Words Starting with 'W'
37,866
4.51
Language
Jan 20, 2011
Countries by Number of Languages
6,485
4.28
Language
Dec 1, 2009
Red Dwarf Characters
2,658
1.86
Television
Sep 28, 2009
Blackadder Characters
2,564
4.17
Television
Oct 2, 2009
Star Trek Vulcans
1,801
4.00
Television
Oct 5, 2009
Go to Creator's Profile
Score Distribution
Quiz Creator Spotlight
RosaG
Follow
Send a Message
Quizzes Created
-
Created Quiz Play Count
-
More By This Creator
Popular Quizzes Today
1
Find the US States - No Outlines Minefield
2
Find the US States
3
The Countries of the World
4
10 Largest US States in Order
5
Find the Countries of Europe - No Outlines Minefield
6
US States
7
Guess the 'R' Things in 3 Words
8
NBA Finals Game Top Scorers (2010s)
More Geography Quizzes
Cities in India Illustrated
Curator's Pick
Trending Quizzes
First Name TV: Leading Men
Match the Book to the Film II
3-Word Movies in 1 Word II
First Name TV: Leading Women Drama
Match the Book to the Film VI
Recently Updated
Women's Final Four Teams by Year
bhenderson79
Presidents Quartet II
eogle
Anything But Clue(do)
eogle
Anything But Oceanian Capitals
eogle
Anything But 7
eogle
Anything But Thing
eogle
Word Ladder: February 29
pecheneg
Song Title Questions
pecheneg
Women's NCAA Tournament #1 Seeds
pecheneg
Celebrity Mug Shots
pecheneg
Trending Topics
Crossword
Kpop
Harry Potter
Anime
Disney
Marvel
NBA
Pokémon
Puzzle
WWE
NFL
The Office
Soccer
Song
Country
Your Account Isn't Verified!
In order to create a playlist on Sporcle, you need to verify the email address you used during registration. Go to your
Sporcle Settings
to finish the process.
Report this User
Report this user for behavior that violates our
Community Guidelines
.
Details:
Send Report
Go to the Sporcle.com Mobile Site →
Comments